000 00948 a2200229 4500
020 _a3540256849
020 _a9783540256847
082 0 4 _a519.64
090 _c757
_d757
100 1 _aKorte, Bernhard.
245 1 0 _aCombinatorial optimization :
_btheory and algorithms /
_cBernhard Korte, Jens Vygen.
250 _a3rd ed.
260 _a[S.l.] :
_bSpringer,
_c2006.
300 _a613 p. ;
_c25 cm.
490 1 _aAlgorithms and combinatorics.
700 1 _aVygen, Jens.
830 0 _aAlgorithms and combinatorics.
942 _aSNS
_cBK
_k519.64 KOR
999 _c29383
_d29383